000 00361 a2200169 4500
001 187051
020 _a978-85-16-05562-2
040 _cMagnum
100 _aMachado, Ana Maria
240 1 0 _aBisa bia, bisa bel
_lpor
245 1 0 _aBisa bia, bisa bel
300 _a80
362 0 _a2007
440 1 _aModerna
697 _aLITERATURA JUVENIL
942 _cBK
999 _c187051
_d187051